| 000 | 00521nam a2200205Ia 4500 | ||
|---|---|---|---|
| 003 | OSt | ||
| 005 | 20230408095309.0 | ||
| 008 | 210423s1986 xx 000 0 und d | ||
| 020 | _a9783540721864 | ||
| 040 | _cAL | ||
| 041 | _aeng | ||
| 082 |
_a515.3 GROM _223 |
||
| 100 |
_aGROMOV (Mikhael). _984555 |
||
| 245 | _aPartial differential relations. | ||
| 260 |
_aNew York _bSpringer Verlag _c1986 |
||
| 300 |
_axv,744 _bPB |
||
| 365 |
_b6260 _cINR |
||
| 906 | _adifferential ; Partial ; relations. | ||
| 942 |
_2ddc _cBK |
||
| 999 |
_c159007 _d159007 |
||